मुक्ति की पुकारः (Record no. 14423)

MARC details
000 -LEADER
fixed length control field 01268nam a22002537a 4500
005 - DATE AND TIME OF LATEST TRANSACTION
control field 20080711103247.0
006 - FIXED-LENGTH DATA ELEMENTS--ADDITIONAL MATERIAL CHARACTERISTICS--GENERAL INFORMATION
fixed length control field a|||||r|||||00| 0
008 - FIXED-LENGTH DATA ELEMENTS--GENERAL INFORMATION
fixed length control field 080711t xxu||||| |||| 00| f hin d
010 ## - LIBRARY OF CONGRESS CONTROL NUMBER
LC control number HIN-83822
020 ## - INTERNATIONAL STANDARD BOOK NUMBER
Terms of availability 300.00
035 ## - SYSTEM CONTROL NUMBER
System control number HN-56168
037 ## - SOURCE OF ACQUISITION
Source of stock number/acquisition DBAD / PUB
040 ## - CATALOGING SOURCE
Original cataloging agency DPL
Language of cataloging HN
082 ## - DEWEY DECIMAL CLASSIFICATION NUMBER
Classification number
100 ## - MAIN ENTRY--PERSONAL NAME
Personal name शर्मा, परमात्मा राय
245 ## - TITLE STATEMENT
Title मुक्ति की पुकारः
Statement of responsibility, etc परमात्मा राय शर्मा
Remainder of title ( वर्ष 1971 के भारत- पाकिस्तान युद्ध की पृष्ठ भूमि पर आधारित उपन्यास) /
246 ## - VARYING FORM OF TITLE
Title proper/short title Mukti ki pukar
Remainder of title by Parmatma Ray Sharma
260 ## - PUBLICATION, DISTRIBUTION, ETC. (IMPRINT)
Place of publication, distribution, etc इलाहाबाद
Name of publisher, distributor, etc अनिल प्रकाशन
Date of publication, distribution, etc 2007
270 ## - ADDRESS
Address 189ए/1 अलोपीबाग कालोनी
City इलाहाबाद
300 ## - PHYSICAL DESCRIPTION
Extent 320पृ
Dimensions 22सेमी(सजिल्द)
650 ## - SUBJECT ADDED ENTRY--TOPICAL TERM
Topical term or geographic name as entry element Hindi Novels
942 ## - ADDED ENTRY ELEMENTS (KOHA)
Source of classification or shelving scheme Dewey Decimal Classification
Koha item type Hindi Books
Classification part
Call number suffix शर्माप
Holdings
Withdrawn status Lost status Damaged status Not for loan Collection code Home library Current library Date acquired Source of acquisition Cost, normal purchase price Total Checkouts Full call number Barcode Date last seen Copy number Cost, replacement price Price effective from Koha item type
      Not For Loan Non-fiction D.B.Act.Division D.B.Act.Division 11/07/2008 पु.प्र.अ.प्र /प्रका 300.00   उ शर्माप HN-56168 15/09/2008 1 300.00 15/09/2008 Hindi Books

© Delhi Public Library
Hit Counter
free hit counter